000 00795nam0a22002771 4500
001 RU\NLR\INFOCOMM17\ROSSICA\1000271297
005 20250613191211.0
035 _a(NLR Aleph) 009928435
090 _a10704337
_c10704337
100 _a20030606d1815 |||y0rusy50 ca
101 1 _ager
_crus
102 _aRU
105 _ay ||||000ay
200 1 _aDmitri Donski
_eTragödie
_fWladisl. Oseroff
_gNach dem Russischen von J. Th. Wideburg
210 _aSt.Petersburg
_d1815
215 _d
600 0 _aDmitrij Donskoj
_cвел. кн.
_f1350-1389
_2PSBO
700 1 _aOseroff
_bW.
_gWladisl.
_4070
702 1 _aWideburg
_bJ.Th.
_4730
801 1 _aRU
_bInfoComm
_c20030606
801 0 _aRU
_bNLR
_gPSBO
852 _aNLR
_j13.7.8.67
942 _cBOOK
980 _aNB
980 _aRossica